000 00876nam a2200241 i 4500
003 IT-RoINE
005 20170926091035.0
008 960922s1981 sp r | spa d
020 _a8472990850
_c750 pts.
040 _aSpMaBN
_bspa
_cCDM
100 1 _aRodríguez Herrera, Isidoro,
_912466
_cO.F.M.,
_d1904-2000
245 1 0 _aPoeta christianus :
_besencia y misión del poeta cristiano en la obra de Prudencio /
_cIsidoro Rodríguez Herrera.
260 _aSalamanca :
_bUnivesidad Pontífica,
_c1981.
300 _a185 p. ;
_c25 cm.
336 _2rdacontent
_atext
337 _2rdamedia
_aunmediated
338 _2rdacarrier
_avolume
490 1 _aBibliotheca Salmanticensis.
_aEstudios ;
_v40
504 _aBibliografía: p. 181-182.
600 0 4 _aPrudencio Clemente, Aurelio,
_d348-405
_99512
830 0 _93087
_aBibliotheca Salmanticensis.
_pEstudios ;
_v40
942 _cMTS
999 _c12404
_d12404